Omofollia : Dall'aborto legalizzato all'omosessualità obbligatoria /

Guardat en:
Dades bibliogràfiques
Autor corporatiu: Centro Studi Jeanne d'Arc
Format: Llibre
Idioma:anglès
Publicat: Milano Centro Studi Jeanne d'Arc 2014
Etiquetes: Afegir etiqueta
Sense etiquetes, Sigues el primer a etiquetar aquest registre!

MARC

LEADER 00000nam a2200000 4500
003 Arcigay Viterbo
005 20250923213728.0
008 250817b |||||||| |||| 00| 0 eng d
040 |c Arcigay Viterbo 
110 |a Centro Studi Jeanne d'Arc 
245 |a Omofollia :  |b Dall'aborto legalizzato all'omosessualità obbligatoria /  |c Centro Studi Jeanne d'Arc 
260 |a Milano  |b Centro Studi Jeanne d'Arc  |c 2014 
710 |a Centro Studi Jeanne d'Arc 
942 |2 ddc  |c BK 
952 |0 0  |1 0  |2 ddc  |4 0  |6 306_760000000000000_CEN_OMO  |7 1  |9 9576  |a VT  |b VT  |d 2025-08-17  |e Acq. Arcigay Viterbo su donazione di Banca Lazio Nord  |i B219  |l 0  |o 306.76 CEN OMO  |p B219  |r 2025-08-17 18:27:08  |w 2025-08-17  |y BK  |z Acq. Arcigay Viterbo su donazione di Banca Lazio Nord 
999 |c 7987  |d 7987